| 000 | 00488nam a2200169Ia 4500 | ||
|---|---|---|---|
| 999 |
_c24614 _d24614 |
||
| 003 | OSt | ||
| 005 | 20210105130755.0 | ||
| 008 | 190216s9999||||xx |||||||||||||| ||und|| | ||
| 040 | _coclc | ||
| 082 |
_a920 _bMEN/R |
||
| 100 |
_aMenon, K P Kesava _93249 |
||
| 245 | 0 |
_aRashtra Pithavu / _cK P Keshava Menon |
|
| 260 |
_bMathrubhumi Printing &publishing, _aKozhikode: _c1968. |
||
| 300 | _a439p | ||
| 650 | _aOormakurip | ||
| 942 |
_cBK _2ddc _h920 _iMEN/R _k920 _mMEN/R |
||